| 000 | 00615nam a2200193 a 4500 | ||
|---|---|---|---|
| 005 | 20260112063320.0 | ||
| 020 | _a9789384052133 | ||
| 039 |
_a202109271611 _bstaff _c201411271540 _d staff _y 201411071039 _z staff |
||
| 082 | _a959.5 DAS [ Shelf 80] | ||
| 245 |
_aMalaysia: _bChallenges & Perspectives edited by _cJitendra K Das & Hitesh Arora |
||
| 260 |
_aNew Delhi: _bBloomsbury ; _c2014 |
||
| 300 |
_aix, 358p. _c24cm. |
||
| 650 | _aMalaysia | ||
| 700 | _aDas, Jitendra K | ||
| 700 | _aArora, Hitesh | ||
| 991 | _aVIRTUA40 | ||
| 991 | _aVTLSSORT0080*0200*0820*2450*2600*3000*6500*7000*7001*9992 | ||
| 909 | _a5121 | ||
| 999 |
_c4586 _d4586 |
||